[Event "MAW olymp qual"]
[White "Jayloss, Peter"]
[Black "Chimthere, Alfred Charles"]
[Site "Blantyre"]
[Round "3"]
[Result "1/2-1/2"]
[Date "2016.04.16"]
[WhiteElo "1849"]
[BlackElo "2005"]
[PlyCount "109"]
[EventDate "2016.05.06"]
[EventType "swiss"]
[EventRounds "6"]
[EventCountry "MWI"]
[SourceTitle "EXT 2018"]
[Source "ChessBase"]
[SourceDate "2017.10.13"]
[SourceVersion "1"]
[SourceVersionDate "2017.10.13"]
[SourceQuality "1"]

1. e4 c6 2. Nf3 d5 3. exd5 cxd5 4. d4 Nf6 5. Bd3 Bg4 6. Be3 Nc6 7. Nbd2 e6 8. h3 Bh5 9. c3 Bd6 10. Qb3 Qe7 11. 0-0 0-0 12. Rfe1 Bg6 13. Bxg6 hxg6 14. Bg5 Qc7 15. Rac1 Rac8 16. Qa4 Qa5 17. Qc2 Qc7 18. Qd3 Bf4 19. Re2 Bxg5 20. Nxg5 Qf4 21. Ngf3 a6 22. Rce1 g5 23. g3 Qf5 24. Qxf5 exf5 25. Nxg5 Ne4 26. Ngf3 b5 27. a3 Na5 28. Nf1 Nc4 29. Ne3 Nxe3 30. Rxe3 a5 31. Ne5 g6 32. Kg2 Kg7 33. f3 Nf6 34. Nd3 Rfe8 35. Kf2 Rxe3 36. Rxe3 Re8 37. Rxe8 Nxe8 38. Nc5 Kf6 39. h4 Nd6 40. b3 Ke7 41. Ke3 a4 42. bxa4 bxa4 43. Nxa4 Nc4+ 44. Kd3 Nxa3 45. Nb6 Ke6 46. c4 dxc4+ 47. Nxc4 Nb5 48. f4 f6 49. Ne3 Nd6 50. d5+ Kd7 51. Kd4 Ne4 52. g4 Ng3 53. Kc5 g5 54. hxg5 fxg5 55. fxg5 1/2-1/2